La televisión: los efectos del bien y del mal
Uloženo v:
| Hlavní autor: | |
|---|---|
| Médium: | Kniha |
| Jazyk: | španělština |
| Vydáno: |
Barcelona
Paidos
1993
|
| Edice: | Paidos Comunicación, 56
|
| Témata: | |
| Tagy: |
Přidat tag
Žádné tagy, Buďte první, kdo vytvoří štítek k tomuto záznamu!
|
MARC
| LEADER | 00000nam a2200000 a 4500 | ||
|---|---|---|---|
| 001 | UCY3521 | ||
| 003 | CL-VaPUC | ||
| 008 | 950103e19930000SP |||||||||||||||||spa|d | ||
| 082 | 0 | 4 | |a 384.55 |b VIL |2 21 |
| 100 | 0 | |a Vilches, Lorenzo |e author |9 331835 | |
| 245 | 1 | 3 | |a La televisión: los efectos del bien y del mal |
| 300 | |a 206 p | ||
| 942 | |c BK | ||
| 945 | |d 19950103 00:00:00 |a rbrito | ||
| 260 | |a Barcelona |b Paidos |c 1993 | ||
| 650 | 0 | |a Televisión |9 256845 | |
| 650 | 0 | |a Medios de comunicación de masas |9 257273 | |
| 650 | 0 | |a Comunicación audiovisual |9 268089 | |
| 583 | |a last modification |c 19950103 00:00:00 |k Rodrigo Vera | ||
| 490 | 0 | |a Paidos Comunicación, 56 | |
| 999 | |c 231630 |d 231628 | ||
| 952 | |0 0 |1 0 |4 0 |6 384_550000000000000_VIL_1993 |7 0 |8 A |9 235064 |a BIBCUR |b BIBCUR |d 2019-11-15 |i 3047385 |o 384.55 VIL 1993 |p 3047385 |r 2025-04-22 |w 2019-11-15 |y BK |k PER | ||
| 952 | |0 0 |1 0 |4 0 |6 384_550000000000000_VIL_1993 |7 0 |8 A |9 235065 |a BIBEDU |b BIBEDU |d 2019-11-15 |i 313993K |o 384.55 VIL 1993 |p 313993K |r 2019-11-15 |w 2019-11-15 |y BK |k EDU | ||
| 952 | |0 0 |1 0 |4 0 |6 384_550000000000000_VIL_1993 |7 0 |8 A |9 235066 |a FDOPOS |b FDOPOS |d 2019-11-15 |i 370047K |o 384.55 VIL 1993 |p 370047K |r 2025-01-22 |w 2019-11-15 |y BK |k MLA | ||